| 000 | 01433cam a2200157 4500500 | ||
|---|---|---|---|
| 005 | 20251214002005.0 | ||
| 041 | _afre | ||
| 042 | _adc | ||
| 100 | 1 | 0 |
_aBognon, Sabine _eauthor |
| 700 | 1 | 0 |
_aMagnan, Marion _eauthor |
| 700 | 1 | 0 |
_aMaulat, Juliette _eauthor |
| 245 | 0 | 0 | _aUrbanisme et aménagement : Théories et débats |
| 260 |
_bArmand Colin,
_c2020. |
||
| 520 | _aLongtemps considérés comme des domaines d’expertise et d’action sur l’espace, l’urbanisme et l’aménagement se renouvellent aujourd’hui notamment en réponse aux bouleversements environnementaux, politiques et socio-économiques.Ces transformations majeures entérinent le caractère incontournable de la question urbaine et s’accompagnent de l’intégration de paradigmes tels que la participation ou les approches par projet : l’urbanisme et l’aménagement échangent avec des disciplines variées pour analyser des terrains et des objets émergents. Afin d’éclairer ces tendances, cet ouvrage propose aux étudiants, chercheurs et praticiens un état des lieux des principales théories et des débats actuels en urbanisme et aménagement. Organisé de manière thématique, il a également pour ambition d’apporter des outils de réflexion qui contribuent à une nécessaire prise de distance avec l’action. | ||
| 856 | 4 | 1 | _uhttps://shs.cairn.info/urbanisme-et-amenagement--9782200625351?lang=fr&redirect-ssocas=7080 |
| 999 |
_c1566658 _d1566658 |
||